Bilecik Bilecik Bilecik Bilecik Bilecik

Anna Karenina/ (Record no. 23205)

MARC details
000 -BAŞLIK
Sabit Uzunluktaki Kontrol Alanı 00993nam a22003257a 4500
001 - KONTROL NUMARASI
Control Dosyası 0023250
003 - KONTROL NUMARASI KİMLİĞİ
Kontrol Alanı KOHA_MİRAKIL
005 - EN SON İŞLEM TARİHİ ve ZAMANI
Kontrol Alanı 20260207002407.0
007 - FİZİKSEL TANIM SABİT ALAN - GENEL BİLGİ
Sabit uzunluklu kontrol alanı ta
008 - SABİT UZUNLUKTAKİ VERİ ÖGELERİ - GENEL BİLGİ
Sabit Alan 101026b2006 tu |||gr||||#||||1|tur |
020 ## - ISBN - ULUSLARARASI STANDART KİTAP NUMARASI
Isbn 9759088126
040 ## - KATALOGLAMA KAYNAĞI
Özgün Kataloglama Kurumu TR-BiSEU
Kataloglama Dili tur
Çeviri Kurumu TR-BiSEU
Açıklama Kuralları rda
041 0# - DİL KODU
Metin ya da ses kaydının dil kodu tur
044 ## - YAYINLAYAN/ÜRETEN KURULUŞUN ÜLKE KODU
ISO country code tu
050 ## - SINIFLAMA ve YER NUMARASI
Sınıflama Numarası PG3367
Yer Numarası .A56 2006
100 1# - KİŞİ ADI
Yazar Adı (Kişi adı) Tolstoy, Leo.
245 1# - ESER ADI BİLDİRİMİ
Başlık Anna Karenina/
Sorumluluk Bildirimi Leo Tolstoy ; Lev Nikolayeviç Tolstoy; çev. M. Bahar.
264 #1 - ÜRERİM, YAYIN, DAĞITIM ve TELİF BİLDİRİMİ
Yayın yeri İstanbul :
Yayınlayan İskele
Yayın tarihi 2006
300 ## - FİZİKSEL TANIMLAMA
Sayfa, Cilt vb. 320 s. ;
Boyutları 21 cm.
336 ## - İÇERİK TÜRÜ
Content type term metin
Content type code txt
Source rdacontent
337 ## - MEDYA TÜRÜ
Media type term aracısız
Media type code n
Source rdamedia
338 ## - TAŞIYICI TÜRÜ
Carrier type term cilt
Carrier type code nc
Source rdacarrier
490 1# - DİZİ BİLDİRİMİ
Dizi Bildirimi Dünya klasikleri dizisi ;
Cilt Numarası 21
500 ## - GENEL NOT
Genel Not Donated by Oğuz Özbilgin.
650 #0 - KONU BAŞLIĞI EK GİRİŞ - KONU TERİMİ
Konusal terim veya coğrafi ad Married women--Fiction.
9 (RLIN) 18055
650 #0 - KONU BAŞLIĞI EK GİRİŞ - KONU TERİMİ
Konusal terim veya coğrafi ad Adultery--Fiction.
9 (RLIN) 17167
650 #0 - KONU BAŞLIĞI EK GİRİŞ - KONU TERİMİ
Konusal terim veya coğrafi ad Russia--Social life and customs 1533-1917--Fiction.
9 (RLIN) 41949
830 1# - SERİ EK GİRİŞİ - TEKBİÇİM ESER ADI
Tekbiçim Başlık Dünya klasikleri dizisi ;
Volume number/sequential designation 21
9 (RLIN) 6235
942 ## - EK GİRİŞ ÖGELERİ (KOHA)
Source of classification or shelving scheme Library of Congress Classification
Koha item type Book
Holdings
Materyal Türü Kalıcı Konum Mevcut Konum Sınıflandırma Kaynağı Edinim Bilgisi Ana Konular Alt Konular Yer Numarası Demirbaş Numarası Fatura Tarihi Maliyet, Alış Fiyatı Maliyet, Yenileme Fiyatı Geri Çekilme Durumu Kayıp Durumu Hasarlı Durumu Kredi için değil Kayıt Tarih Toplam Ödünçverme Son Görülme Tarihi Son Kontrol Tarihi Genel / Bağış Notu
Book BŞEÜ Pazaryeri MYO Kütüphanesi BŞEÜ Pazaryeri MYO Kütüphanesi Library of Congress Classification Bağış DİL VE EDEBİYAT Slav Dilleri, Baltık Dilleri, Arnavutça PG3367 .A56 2006 0023250 02/02/2026 14.00 14.00         26/10/2010 5 05/12/2024 05/12/2024 Genel Bağış